000 00642nam a2200169 a 4500
008 120416s1994 ||||||||||||||||| || u
020 _a1853392170
050 _aHD 69.S5 Fle
100 _aPedersen, Paul Ove
245 1 0 _aFlexible specialization
_cedited by Paul Ove Pedersen
246 _athe dynamics of small scale industries in the south
260 _aLondon
_bINTERMEDIATE TECHNOLOGY
_c1994
350 _a0.00
650 _aSMALL SCALE INDUSTRIES--MANAGEMENT
650 _aINDUSTRY
995 _D0.00
_FCBU-MAIN LIBRARY (Kitwe)
_H1
_I14.95
_M1
_UDAMAGED
_ZMain Library Open Access Collection
999 _c43625
_d43625